000 00303nam a22001337a 4500
020 _a1403928185
082 _a635
_bMAN/HO
100 _aManibhushan Rao K
245 _aTextbook of Horticulture
250 _a2
260 _aNew Delhi
_bMacMillan India Pvt. Ltd.
_c2005
300 _a270p
942 _cBBS
999 _c13851
_d13851